banner koha

Qualidade de fibra e da semente em plantas de algodoeiro afetadas pelo "murchamento avermelhado" (Registro n. 158214)

MARC details
000 -LÍDER
campo de controle de tamanho fixo 01010nas a2200361 4500
001 - NÚMERO DE CONTROLE
campo de controle BR9803280
003 - IDENTIFICADOR DO NÚMERO DE CONTROLE
campo de controle BR-BrBNA
005 - DATA E HORÁRIO DA ÚLTIMA TRANSAÇÃO
campo de controle 20231205100816.0
007 - CAMPO FIXO DE DESCRIÇÃO FÍSICA--INFORMAÇÃO GERAL
campo de controle de tamanho fixo ta
008 - CAMPO DE DADOS FIXOS--INFORMAÇÃO GERAL
campo de controle de tamanho fixo 230509b bl.|||p| |||| 00| 00por d
040 ## - FONTE DA CATALOGAÇÃO
Instituição da catalogação original BR-BrBNA
Idioma da catalogação por
Instituição que transcreveu o registro Biblioteca Nacional de Agricultura
041 ## - CÓDIGO DE IDIOMA
Código do idioma do texto/trilha sonora ou título diferente (Pt)
072 ## - CÓDIGO DE CATEGORIA DE ASSUNTO
Código de Categoria de Assunto H50
100 1# - ENTRADA PRINCIPAL--NOME PESSOAL
Nome pessoal Fuzatto, M.G.
100 1# - ENTRADA PRINCIPAL--NOME PESSOAL
Nome pessoal Chiavegato, E.J.
100 1# - ENTRADA PRINCIPAL--NOME PESSOAL
Nome pessoal Cia, E.
100 1# - ENTRADA PRINCIPAL--NOME PESSOAL
Nome pessoal Lago, A.A.
100 1# - ENTRADA PRINCIPAL--NOME PESSOAL
Nome pessoal Kondo, J.I.
100 1# - ENTRADA PRINCIPAL--NOME PESSOAL
Nome pessoal Gondim-Tomaz, R.M.A.
100 1# - ENTRADA PRINCIPAL--NOME PESSOAL
Nome pessoal Sabino, N.P.
100 1# - ENTRADA PRINCIPAL--NOME PESSOAL
Nome pessoal Pettinelli Junior, A.
245 1# - TÍTULO
Título Qualidade de fibra e da semente em plantas de algodoeiro afetadas pelo "murchamento avermelhado"
650 ## - ASSUNTO--TERMO TÓPICO
Cabeçalho tópico ou nome geográfico Algodao
650 ## - ASSUNTO--TERMO TÓPICO
Cabeçalho tópico ou nome geográfico Disturbio Vegetal
650 ## - ASSUNTO--TERMO TÓPICO
Cabeçalho tópico ou nome geográfico Semente
650 ## - ASSUNTO--TERMO TÓPICO
Cabeçalho tópico ou nome geográfico Fibra
650 ## - ASSUNTO--TERMO TÓPICO
Cabeçalho tópico ou nome geográfico Sintoma
650 ## - ASSUNTO--TERMO TÓPICO
Cabeçalho tópico ou nome geográfico Qualidade
650 ## - ASSUNTO--TERMO TÓPICO
Cabeçalho tópico ou nome geográfico Sao Paulo
773 0# - ENTRADA ANALÍTICA
Título Bragantia (Brazil)
ISSN - International Standard Serial Number ISSN 0006-8705
Partes relacionadas (1997), v. 56(tomo 1) p. 91-96
Número de controle do registro BR9803280
909 ## -
-- 202311
-- Lúcia
-- 55
-- Lúcia Elande
942 ## - ELEMENTOS DE ENTRADA ADICIONADOS (KOHA)
Fonte da classificação ou esquema de arquivamento na estante Classificação AGRIS
Ocultar no OPAC Não
Tipo de material Koha Analítica
Exemplares
Situação do descarte Fonte da classificação ou esquema de arquivamento na estante Situação física Não pode ser emprestado Biblioteca de origem Biblioteca atual Localização na estante Enumeração do periódico / cronologia Total de empréstimos Data de último acesso Número do exemplar Tipo de material Koha Fonte de aquisição
  Classificação AGRIS   Consulta local Biblioteca Nacional de Agricultura - Binagri Biblioteca Nacional de Agricultura - Binagri   (1997), v. 56(tomo 1) p. 91-96   29/11/2023 01 Periódicos Portaria Interministerial nº 164/94

BINAGRI

Telefone: (61)3218-2567/2388/3357/2097 - binagri@agro.gov.br

Ministério da Agricultura e Pecuária , Esplanada dos Ministérios, Bloco D, Anexo B, Brasília/DF, CEP: 70.043-900